00320nam a2200133Ia 4500003000900000008004100009040001300050040001300063100002300076245004500099260002800144300000800172490000600180IT-RoPAU120407s9999 xx 000 0 und d aIT-RoPAU cIT-RoPAU aD. Alfonso Salvini aI successori di S. Pietro nel I° secolo aPia Società San Paolo c cm v1